000 01048nam a2200325 c 4500
001 52860
003 ES-MaCES
005 20250203133331.0
007 cr |||||||||||
008 230830s2023 sp | |||| 000 0 spa
017 _aC 300-2023
_bDL
020 _a9788413598239
040 _aES-MaCES
_bspa
_cES-MaCES
100 1 _918771
_aMolina del Pozo, Carlos Francisco
245 1 3 _aEl Derecho de los transportes en la Unión Europea
_cCarlos Francisco Molina del Pozo
250 _a1ª ed
260 _aA Coruña
_bColex
_c2023
300 _a150 p.
_c22 cm
500 _aPublicación en formato DÚO (papel + libro ectrónico). Disponible en formato electrónico en COLEX Online
541 0 _cCompra
650 4 _atransportes
_928016
650 4 _apolítica del transporte
_928018
650 4 _apolítica comunitaria
_930776
650 4 _aderecho comunitario
_929866
650 4 _aUE
_926752
653 _aTransporte-Comunicaciones
856 4 _uhttps://www.colex.es
_zCOLEX
902 _aLIB Libro
942 _2CES
_cBK
_h5.2.
999 _c52860
_d52860